000
00309nam a22001337a 4500
008
170310b xxu||||| |||| 00| 0 eng d
020
_a
9780781743716
041
_a
eng
080
_a
616-002.77
100
_a
7
101
_a
SHM
245
_a
RHEUMATOLOGY SUBSPECIALTY CONSULT
_c
LATINIS, K.M
942
_2
udc
_c
BK
999
_c
7455
_d
7455